Estructura y función de los tiempos en el lenguaje

Saved in:
書目詳細資料
主要作者: Weinrich, Harald (Author)
格式: 圖書
語言:西班牙语
出版: Madrid Gredos 1968
叢編:Biblioteca Románica Hispánica, II. Estudios y Ensayos
主題:
標簽: 添加標簽
沒有標簽, 成為第一個標記此記錄!

MARC

LEADER 00000nam a2200000 a 4500
001 UCM4301
003 CL-VaPUC
008 020814e19680000SP |||||||||||||||||spa|d
082 0 4 |a 410  |b WEI  |2 21 
100 0 |a Weinrich, Harald  |e author  |9 470847 
245 1 0 |a Estructura y función de los tiempos en el lenguaje 
300 |a 429 p 
942 |c BK 
945 |d 20020814 00:00:00  |a cmena 
260 |a Madrid  |b Gredos  |c 1968 
650 0 |a Lingüística  |9 265068 
650 7 |a ESTRUCTURA LINGUISTICA  |2 CL-VaPUC  |9 453613 
583 |a last modification  |c 20020814 00:00:00  |k Rodrigo Vera 
490 0 |a Biblioteca Románica Hispánica, II. Estudios y Ensayos 
999 |c 301085  |d 301083 
952 |0 0  |1 0  |4 0  |6 410_000000000000000_WEI_1968  |7 0  |8 P  |9 359757  |a BIBEDU  |b BIBEDU  |c BIBEDU_PB  |d 2019-11-21  |i 3815234  |o 410 WEI 1968  |p 3815234  |r 2024-01-25  |w 2019-11-21  |y BK  |k BME 
952 |0 0  |1 0  |4 0  |6 410_000000000000000_WEI_1968  |7 0  |8 A  |9 359758  |a FDOPOS  |b FDOPOS  |d 2019-11-21  |i 4272013  |o 410 WEI 1968  |p 4272013  |r 2025-01-22  |w 2019-11-21  |y BK  |k MLA